[Event "Idaho Closed"]
[Site "Twin Falls, ID"]
[Date "2011.02.19"]
[Round "2.6"]
[White "Hamilton, Brett B"]
[Black "Roland, Jeffrey T"]
[Result "1/2-1/2"]
[WhiteElo "1951"]
[BlackElo "1703"]

1. e4 e5 2. Nf3 Nc6 3. Bb5 a6 4. Ba4 Nf6 5. O-O Nxe4 6. d4 d5 7. Nxe5 Bd7 8.
Nxd7 Qxd7 9. Re1 Be7 10. c3 b5 11. Bc2 Nf6 12. Qf3 O-O 13. Bf5 Qd8 14. Bg5 g6
15. Bd3 Kg7 16. Nd2 Ng8 17. Bf4 Bd6 18. Be3 f5 19. Nb3 Nce7 20. Nc5 Bxc5 21.
dxc5 Nc6 22. Rad1 Qd7 23. Bc2 Rad8 24. Bg5 Nf6 25. Bb3 Ne7 26. Re5 c6 27. Qe3
Neg8 28. Qd4 Rde8 29. Rde1 Kf7 30. f3 Rxe5 31. Rxe5 Re8 32. Kf2 Rxe5 33. Qxe5
Qe7 34. Qd4 Qf8 {#d} 1/2-1/2

[Event "Sumr Classic (Open)"]
[Site "Boise, ID"]
[Date "2011.07.09"]
[Round "1.1"]
[White "Kirk, Patrick T"]
[Black "Hamilton, Brett B"]
[Result "0-1"]
[WhiteElo "1670"]
[BlackElo "1920"]

1. e4 c5 2. Nf3 Nc6 3. d4 cxd4 4. Nxd4 a6 5. c4 Nf6 6. Nc3 d6 7. Bg5 e6 8.
Nxc6 bxc6 9. e5 Qa5 10. exf6 Qxg5 11. fxg7 Qxg7 12. g3 Rb8 13. Bg2 Qe5+ 14.
Ne2 Rxb2 15. Bxc6+ Bd7 16. Bf3 Qa5+ 17. Kf1 Rd2 18. Qb3 Bg7 19. Rb1 Ke7 20.
Qb7 Rxa2 21. Kg2 Rc8 22. Nf4 Bd4 23. Rhf1 Rxc4 24. Rbe1 Qc5 25. Nd5+ Kd8 26.
Qb8+ Bc8 27. Nf4 Bxf2 28. Re2 Rxe2 29. Nxe2 Be3 30. Qb2 Ke7 31. Bg4 Rc2 32.
Qf6+ Kd7 33. Qxf7+ Kc6 34. Qe8+ Kb7 35. Rb1+ Ka7 36. Qe7+ Ka8 37. Bf3+ d5
{(Time Forfeit)} {#R} 0-1

[Event "Sumr Classic (Open)"]
[Site "Boise, ID"]
[Date "2011.07.09"]
[Round "2.1"]
[White "Hamilton, Brett B"]
[Black "Douglas, Kurt P"]
[Result "1/2-1/2"]
[WhiteElo "1920"]
[BlackElo "1746"]

1. d4 Nf6 2. c4 e6 3. Nc3 Bb4 4. Qc2 O-O 5. Nf3 b6 6. e3 Bb7 7. Be2 d5 8. O-O
dxc4 9. Ne5 Bxc3 10. Qxc3 b5 11. Bf3 Bxf3 12. Nxf3 Nbd7 13. b3 Nb6 14. Ba3 Re8
15. Bc5 Nfd5 16. Qc2 h6 17. Ne5 Ne7 18. bxc4 Nxc4 19. Nxc4 bxc4 20. Qxc4 Nd5
21. Rab1 Nb6 22. Qb3 Qd5 23. Qxd5 Nxd5 24. Rb3 Reb8 25. Rfb1 Rxb3 26. Rxb3 Nb6
27. Kf1 f6 28. Ke2 Kf7 29. Kd3 Ke8 30. Rb4 Nd7 31. Kc4 Nxc5 32. Kxc5 Kd7 {#d}
1/2-1/2

[Event "Sumr Classic (Open)"]
[Site "Boise, ID"]
[Date "2011.07.09"]
[Round "3.2"]
[White "Roland, Jeffrey T"]
[Black "Hamilton, Brett B"]
[Result "1/2-1/2"]
[WhiteElo "1700"]
[BlackElo "1920"]

1. d4 Nf6 2. c4 g6 3. Nc3 Bg7 4. e4 d6 5. f4 O-O 6. Nf3 c5 7. dxc5 dxc5 8.
Qxd8 Rxd8 9. Be2 Nc6 10. e5 Ne8 11. O-O f6 12. Be3 b6 13. Rad1 Be6 14. b3 {#d}
1/2-1/2

[Event "Sumr Classic (Open)"]
[Site "Boise, ID"]
[Date "2011.07.10"]
[Round "4.1"]
[White "Hamilton, Brett B"]
[Black "Taylor, Tom"]
[Result "1/2-1/2"]
[WhiteElo "1920"]
[BlackElo "1810"]

1. d4 d5 2. c4 e6 3. Nc3 c6 4. e3 Nf6 5. Nf3 Nbd7 6. Bd3 dxc4 7. Bxc4 b5 8.
Bd3 Bb7 9. O-O Bd6 10. Bd2 O-O 11. Rc1 a6 12. Ne4 Nxe4 13. Bxe4 Rc8 14. a3 Nf6
15. Bb1 c5 16. dxc5 Bxc5 17. Qe2 Be4 18. Rfd1 Qe7 19. Bxe4 Nxe4 20. Ba5 Nf6
21. Ne5 Qb7 22. g4 Bb6 23. Bxb6 Qxb6 24. g5 Rxc1 25. Rxc1 Qd6 26. Nxf7 Rxf7
27. Rc8+ Rf8 28. Rxf8+ Qxf8 29. gxf6 Qxf6 30. Qh5 Qf7 {#d} 1/2-1/2

[Event "Sumr Classic (Open)"]
[Site "Boise, ID"]
[Date "2011.07.10"]
[Round "5.3"]
[White "Lundy III, George"]
[Black "Hamilton, Brett B"]
[Result "1/2-1/2"]
[WhiteElo "1454"]
[BlackElo "1920"]

1. e4 e5 2. Nf3 Nc6 3. Bb5 a6 4. Bxc6 dxc6 5. O-O Bd6 6. d3 Bd7 7. Be3 Qe7 8.
Nbd2 Bc5 9. Qe2 O-O-O 10. a3 Kb8 11. b4 Bxe3 12. Qxe3 f6 13. Qc5 Qxc5 14. bxc5
Be6 15. Rfb1 Ka7 16. a4 a5 17. Nb3 b6 18. Nfd2 Ne7 19. Rb2 Rb8 20. Rab1 Rhd8
21. Kf1 Ng6 22. g3 Nf8 23. Ke2 g5 24. Ke3 Bxb3 25. Nxb3 Ne6 26. c3 Ka6 {#d}
1/2-1/2

[Event "SIO (Open)"]
[Site "Twin Falls, ID"]
[Date "2011.11.12"]
[Round "1.1"]
[White "Hamilton, Brett B"]
[Black "Booth, Tom R"]
[Result "0-1"]
[WhiteElo "1904"]
[BlackElo "1638"]

1. d4 e6 2. c4 d5 3. Nf3 Nf6 4. Nc3 Nbd7 5. Bg5 c6 6. e3 Qa5 7. a3 Ne4 8. Qa4
Qxa4 9. Nxa4 Nxg5 10. Nxg5 Be7 11. Nf3 O-O 12. c5 Bf6 13. g4 g6 14. g5 Bg7 15.
h4 e5 16. O-O-O exd4 17. exd4 Re8 18. Bh3 Nf8 19. Nc3 Bxh3 20. Rxh3 Re7 21. h5
Rae8 22. hxg6 fxg6 23. Rdh1 Kh8 24. Kd2 Kg8 25. Kd3 Kh8 26. Nh4 Kg8 27. f4 Ne6
28. Rf3 Nxd4 29. Rfh3 Ne6 30. Ng2 Nxc5+ 31. Kc2 Bxc3 32. Kxc3 {#R} 0-1

[Event "SIO (Open)"]
[Site "Twin Falls, ID"]
[Date "2011.11.12"]
[Round "2.3"]
[White "Kirk, Patrick T"]
[Black "Hamilton, Brett B"]
[Result "1/2-1/2"]
[WhiteElo "1640"]
[BlackElo "1904"]

1. e4 c5 2. Nf3 Nc6 3. d4 cxd4 4. Nxd4 a6 5. Nc3 e6 6. a3 g6 7. Be3 Bg7 8. Qd2
Nxd4 9. Bxd4 Nf6 10. e5 Ng4 11. Qf4 Nh6 12. Bc5 Nf5 13. Ne4 Qc7 14. g4 Bxe5
15. Qg5 h6 16. Nf6+ Kd8 17. Nd5+ hxg5 18. Nxc7 Kxc7 19. gxf5 gxf5 20. O-O-O b6
21. Bg2 d5 22. Be7 f6 23. c4 Bb7 24. cxd5 exd5 25. Bxd5 Bxd5 26. Rxd5 Rh7 27.
Bb4 a5 28. Bd2 Rd8 29. Rb5 Kc6 30. a4 Rxh2 31. Rxh2 Bxh2 32. Be3 Bc7 33. Rxf5
Rd6 34. Kc2 Re6 35. Bd4 Be5 36. Bxe5 fxe5 37. Rxg5 Kd5 38. f4 Ke4 39. Rxe5+
Rxe5 40. fxe5 Kxe5 41. Kc3 Kd5 42. b4 axb4+ 43. Kxb4 Kc6 44. Kc4 Kc7 45. Kb5
Kb7 {#d} 1/2-1/2

[Event "SIO (Open)"]
[Site "Twin Falls, ID"]
[Date "2011.11.12"]
[Round "3.4"]
[White "Bruck, Nick Jon"]
[Black "Hamilton, Brett B"]
[Result "0-1"]
[WhiteElo "1340"]
[BlackElo "1904"]

1. d4 Nf6 2. e3 g6 3. Bd3 Bg7 4. Nf3 d5 5. c4 O-O 6. cxd5 Nxd5 7. O-O Nc6 8.
Bd2 e6 9. Nc3 Re8 10. Qc1 e5 11. Bb5 Nxc3 12. Bxc3 exd4 13. Bxc6 dxc3 14. Bxe8
cxb2 15. Bxf7+ Kxf7 16. Qc4+ Be6 17. Qf4+ Kg8 18. Rad1 Qe7 19. Qe4 Qf6 20. Nd4
Bxa2 21. Qxb7 Rd8 22. Qxb2 Bc4 23. Rfe1 c5 24. Qc3 Qf7 25. Qa5 Qd5 26. Qxa7
cxd4 27. exd4 Bxd4 28. Qxd4 Qxd4 29. Rxd4 Rxd4 30. h3 Kf7 31. f3 Rd2 32. Kh2
Kf6 33. Kg3 Bd5 34. Ra1 g5 35. Ra6+ Be6 36. Kh2 Ke5 37. Ra5+ Bd5 38. Kg3 h5
39. h4 g4 40. f4+ Kf5 41. Rxd5+ Rxd5 42. Kf2 Kxf4 43. g3+ Ke4 44. Ke2 Ra5 45.
Kf2 Ra2+ 46. Kg1 Kf3 47. Kh1 Kxg3 48. Kg1 Ra1# 0-1

[Event "SIO (Open)"]
[Site "Twin Falls, ID"]
[Date "2011.11.12"]
[Round "4.3"]
[White "Hamilton, Brett B"]
[Black "Barney, Kim"]
[Result "1-0"]
[WhiteElo "1904"]
[BlackElo "1677"]

1. e4 e6 2. Nf3 c5 3. d4 cxd4 4. Nxd4 Bc5 5. Be3 Qf6 6. Qd2 Nc6 7. c3 Nge7 8.
Nb5 Bxe3 9. Nd6+ Kd8 10. Qxe3 e5 11. Qd2 Kc7 12. Na3 a6 13. Rd1 b5 14. c4 b4
15. Nc2 a5 16. c5 Ba6 17. Nb5+ Bxb5 18. Qxd7+ Kb8 19. Bxb5 Ra7 20. Qd6+ Qxd6
21. cxd6 Rb7 22. Ba4 Na7 23. dxe7 Rxe7 24. O-O Rc8 25. Ne3 Rc5 26. Rd8+ Kb7
27. Rfd1 Rec7 28. Nd5 Rc1 29. Nxc7 Rxd1+ 30. Rxd1 Kxc7 {#r} 1-0

[Event "WIO (Open)"]
[Site "Boise, ID"]
[Date "2011.12.10"]
[Round "1.2"]
[White "McGarvey, James H"]
[Black "Hamilton, Brett B"]
[Result "1/2-1/2"]
[WhiteElo "1600"]
[BlackElo "1904"]

1. d4 Nf6 2. c4 e6 3. Nc3 d5 4. Nf3 c5 5. e3 Nc6 6. Be2 a6 7. O-O dxc4 8. Bxc4
b5 9. Be2 c4 10. a3 Bb7 11. e4 Na5 12. Bg5 Be7 13. Bxf6 Bxf6 14. e5 Be7 15.
Qc2 O-O 16. Rad1 Bd5 17. Qd2 h6 18. Qe3 Bb7 19. Nd2 Qb6 20. Nde4 f5 21. exf6
Bxf6 22. Nxf6+ Rxf6 23. Ne4 Bxe4 24. Qxe4 Qc6 25. Qc2 Raf8 26. Bf3 Rxf3 27.
gxf3 Qxf3 28. Qc3 Qg4+ 29. Qg3 Qe4 30. Rfe1 Qf5 31. Qe3 Rf6 32. f3 Qh3 33. Qf2
Rxf3 34. Qg2 Qf5 35. Rxe6 Qg5 36. Qxg5 hxg5 37. Rxa6 Nb3 38. Rb6 Rd3 39. Rxd3
cxd3 40. Kf2 Nxd4 41. Ke3 d2 42. Kxd2 Nf3+ 43. Kd3 Nxh2 44. Rxb5 Nf3 45. Rb4
g4 46. Rxg4 Ne5+ 47. Ke4 Nxg4 48. b4 Nf6+ {Here white made the illegal move
49. Kd5, so 2 minutes were added to Black's clock. Clock times before the
times were adjusted: White: 8:44, Black: 0:05. - Jeff Roland, T.D.} 49. Ke5 g5
50. Kd4 Kf7 51. a4 Ke7 52. b5 g4 53. a5 Kd7 54. Ke3 Kc7 55. Kf4 g3 56. Kxg3
Ne4+ 57. Kf4 Nd6 58. b6+ Kb7 59. Ke5 Nc4+ {#d} 1/2-1/2

[Event "WIO (Open)"]
[Site "Boise, ID"]
[Date "2011.12.11"]
[Round "4.5"]
[White "Hamilton, Brett B"]
[Black "Edvalson, Paul"]
[Result "0-1"]
[WhiteElo "1904"]
[BlackElo "1551"]

1. e4 c5 2. Nf3 Nc6 3. d4 cxd4 4. Nxd4 Nf6 5. Nc3 e5 6. Nf3 Bb4 7. Qd3 Bxc3+
8. bxc3 d5 9. Ba3 Qa5 10. Bb4 Nxb4 11. Qb5+ Qxb5 12. Bxb5+ Nc6 13. exd5 Nxd5
14. Nxe5 Nde7 15. O-O-O Be6 16. Kb2 Rc8 17. Rhe1 O-O 18. Nd7 Rfd8 19. Rxe6
fxe6 20. Bc4 Nd5 21. Nc5 Na5 {#R} 0-1

[Event "Idaho Closed"]
[Site "Boise, ID"]
[Date "2012.02.18"]
[Round "1.2"]
[White "Bruck, Nick Jon"]
[Black "Hamilton, Brett B"]
[Result "1-0"]
[WhiteElo "1340"]
[BlackElo "1904"]

1. c4 e5 2. e3 Nf6 3. d4 exd4 4. exd4 Bb4+ 5. Bd2 Qe7+ 6. Be2 O-O 7. Bxb4
Qxb4+ 8. Qd2 Qxd2+ 9. Nxd2 Re8 10. O-O-O Nc6 11. Nb3 d5 12. f3 Nb4 13. a3 dxc4
14. Bxc4 Nbd5 15. Nd2 Ne3 16. Re1 Bf5 17. Nh3 Nxc4 18. Nxc4 Rad8 19. Rxe8+
Rxe8 20. g4 Be6 21. Ne5 Rd8 22. Rd1 h6 23. Nf4 Bb3 24. Rd3 Ba4 25. Kd2 Bb5 26.
Rb3 Ba6 27. Ke3 Nd5+ 28. Nxd5 Rxd5 29. Ke4 c6 30. Nd3 Rd8 31. Nc5 Re8+ 32. Kf4
g5+ 33. Kg3 Bc4 34. Rxb7 Bd5 35. Kf2 Bc4 36. Ne4 Kg7 37. Rxa7 Kg6 38. a4 Rb8
39. Rc7 Rxb2+ 40. Ke1 Bd5 41. a5 Rxh2 42. a6 Ra2 43. Nc3 Rxa6 44. Nxd5 cxd5
45. Rc5 Rd6 46. Kf2 h5 47. gxh5+ Kxh5 48. Kg3 f5 49. Rc8 Kg6 50. f4 g4 51. Kh4
Rd7 52. Rc6+ Kh7 53. Kg5 Rg7+ 54. Kxf5 g3 55. Rc1 g2 56. Rg1 Kh6 57. Ke5 Kh5
58. f5 Kh4 59. f6 Rg5+ 60. Ke6 Kh3 61. f7 Kh2 62. Rxg2+ Rxg2 63. f8=Q {#r} 1-0

[Event "Idaho Closed"]
[Site "Boise, ID"]
[Date "2012.02.18"]
[Round "2.8"]
[White "Hamilton, Brett B"]
[Black "Douglas, Kurt P"]
[Result "0-1"]
[WhiteElo "1904"]
[BlackElo "1763"]

1. d4 Nf6 2. c4 e6 3. Nc3 Bb4 4. a3 Bxc3+ 5. bxc3 b6 6. Nf3 Bb7 7. e3 O-O 8.
Bd3 d5 9. O-O Nbd7 10. Bb2 c5 11. cxd5 Bxd5 12. Nd2 Qc7 13. e4 Bb7 14. e5 Ne8
15. f4 f5 16. Qe2 Rf7 17. Qh5 Nf8 18. Nf3 h6 19. Rac1 Qd7 20. Bc4 b5 21. Be2
c4 22. Nd2 Nc7 23. Qh4 Nd5 24. Qf2 Kh8 25. h3 Qe7 26. g3 g6 27. Kh2 Nh7 28.
Rg1 g5 29. Bf3 Rg8 30. Nf1 gxf4 31. g4 fxg4 32. hxg4 Ng5 33. Nd2 Nxf3+ 34.
Nxf3 Ne3 35. Kh3 Bxf3 36. Qxf3 Qg5 37. Rce1 Rfg7 38. Rxe3 fxe3 39. Bc1 h5 40.
Qf6 hxg4+ 41. Kg2 Qxf6 42. exf6 Rh7 43. Bxe3 Rf8 44. Bf4 Kg8 45. Be5 Kf7 46.
Kf2 Rg8 47. Rb1 a6 48. a4 Kg6 49. axb5 Rb7 50. b6 Rc8 51. Kg3 Rc6 52. Kxg4
Rcxb6 53. Rg1 Rh7 54. Kf4+ Kf7 55. Rg7+ Rxg7 56. fxg7 a5 57. Kg5 a4 58. Kh6
Kg8 59. Kg6 a3 {#R} 0-1

[Event "ICA Players Mem-Open"]
[Site "Boise, ID"]
[Date "2012.05.19"]
[Round "1.2"]
[White "Booth, Tom R"]
[Black "Hamilton, Brett B"]
[Result "1/2-1/2"]
[WhiteElo "1604"]
[BlackElo "1904"]

1. d4 Nf6 2. c4 e6 3. Nc3 d5 4. Nf3 c5 5. cxd5 exd5 6. e3 Nc6 7. Be2 a6 8. O-O
Bd6 9. dxc5 Bxc5 10. a3 O-O 11. b4 Bd6 12. Bb2 Re8 13. Re1 Be6 14. Rc1 Rc8 15.
Na4 Ne4 16. Nc5 Nxc5 17. bxc5 Be7 18. Nd4 Nxd4 19. exd4 Bg5 20. Ra1 Qa5 21.
Bd3 Qd2 22. Qxd2 Bxd2 23. Re2 Ba5 24. Rb1 Bg4 25. Rxe8+ Rxe8 26. Kf1 g6 27.
Ba1 Bd7 28. Rc1 f6 29. Bc3 Bc7 30. h3 Kf7 31. Rb1 Bc6 32. a4 {#d} 1/2-1/2

[Event "ICA Players Mem-Open"]
[Site "Boise, ID"]
[Date "2012.05.19"]
[Round "3.4"]
[White "Edvalson, Paul"]
[Black "Hamilton, Brett B"]
[Result "1-0"]
[WhiteElo "1565"]
[BlackElo "1904"]

1. Nf3 Nf6 2. b3 g6 3. Bb2 Bg7 4. g3 O-O 5. Bg2 d5 6. d4 Nbd7 7. Nbd2 c5 8. e3
Re8 9. O-O e5 10. dxe5 Ng4 11. c4 Ngxe5 12. Nxe5 Nxe5 13. Bxd5 Bh3 14. Re1 Nd3
15. Bxg7 Kxg7 16. Qf3 Nxe1 17. Qxf7+ Kh8 18. Rxe1 Rf8 19. Qxb7 Rb8 20. Qxa7
Qd6 21. Ne4 Qe5 22. Qxc5 Qf5 23. Qd4+ Rf6 24. Qxf6+ Qxf6 25. Nxf6 Kg7 {#r} 1-0

[Event "ICA Sumr Classic (Open)"]
[Site "Boise, ID"]
[Date "2012.07.14"]
[Round "2.4"]
[White "Kircher, Caleb Paul"]
[Black "Hamilton, Brett B"]
[Result "1-0"]
[WhiteElo "1788"]
[BlackElo "1777"]

1. e4 e5 2. Nf3 Nc6 3. d4 exd4 4. Bc4 Be7 5. Nxd4 Ne5 6. Bb3 d6 7. O-O Nf6 8.
f4 Ng6 9. Nc3 Bd7 10. Nf3 O-O 11. e5 dxe5 12. fxe5 Bc5+ 13. Kh1 Ng4 14. Qe2
N4xe5 15. Nxe5 Qe7 16. Nxg6 Qxe2 17. Nxe2 hxg6 18. Nc3 Bf5 19. Bf4 c6 20. Rad1
b5 21. a3 a5 22. Bd6 Bxd6 23. Rxd6 b4 24. axb4 axb4 25. Na4 Rfe8 26. h3 Re2
27. Nc5 Bxc2 28. Bxf7+ Kh7 29. Bc4 Re5 30. Rxc6 Rd8 31. Ne6 Rd2 32. Nf8+ Kh6
33. Re6 Rxe6 34. Nxe6 Be4 35. Nf4 Rxb2 36. Re1 b3 37. Rxe4 Rb1+ 38. Kh2 b2 39.
Bd3 Rd1 40. Rb4 g5 41. Rb6+ g6 42. Rxg6+ Kh7 43. Rb6+ Kg7 44. Rxb2 gxf4 45.
Be4 {#r} 1-0

[Event "ICA Sumr Classic (Open)"]
[Site "Boise, ID"]
[Date "2012.07.15"]
[Round "4.4"]
[White "Hamilton, Brett B"]
[Black "Nahlen, John P"]
[Result "0-1"]
[WhiteElo "1777"]
[BlackElo "1601"]

1. d4 f5 2. c4 Nf6 3. Nf3 d6 4. Nc3 g6 5. e4 fxe4 6. Ng5 Bf5 7. Qe2 Bg7 8. d5
Nbd7 9. Ncxe4 Nxe4 10. Nxe4 O-O 11. g4 Bxe4 12. Qxe4 e5 13. dxe6 Nc5 14. Qd5
Qf6 15. e7+ Rf7 16. Be3 Qxb2 17. Rd1 Re8 18. Bg2 Bc3+ 19. Kf1 Rexe7 20. Rd2
Bxd2 21. Qxd2 Qxd2 22. Bxd2 Ne4 {#R} 0-1

[Event "Meridian Invitational"]
[Site "Meridian, ID"]
[Date "2013.04.20"]
[Round "1"]
[White "Lundy III, George W"]
[Black "Hamilton, Brett B"]
[Result "0-1"]
[WhiteElo "1611"]
[BlackElo "1757"]
[EventRounds "4"]
[EventCountry "USA"]

{Game/30; d5} 1. e4 e5 2. Nf3 Nc6 3. Bb5 a6 4. Bxc6 dxc6 5. O-O Bd6 6. h3 Nf6
7. d3 O-O 8. Bg5 h6 9. Bh4 g5 10. Bg3 Qe7 11. Nh2 h5 12. f3 Bc5+ 13. Kh1 h4
14. Be1 Nh5 15. Ng4 Kh7 16. Qd2 f5 17. exf5 Rxf5 18. Ne3 Rf7 19. Nc3 Be6 20.
Ne4 Bxe3 21. Qxe3 Rg8 22. Bf2 Nf4 23. Kh2 Bxh3 24. gxh3 Qe6 25. Nxg5+ Rxg5 26.
Qe4+ Kh6 27. Qxf4 exf4 28. Rae1 Qf5 29. Rg1 Rxg1 30. Rxg1 Qb5 31. Rg4 Qd5 32.
Rxh4+ Kg5 33. Rg4+ Kf5 34. Kg2 Rf6 35. Bh4 Rg6 36. Rxg6 Kxg6 {#R} 0-1

[Event "Meridian Invitational"]
[Site "Meridian, ID"]
[Date "2013.04.20"]
[Round "2"]
[White "Hamilton, Brett B"]
[Black "Machin, Alex James"]
[Result "1-0"]
[WhiteElo "1757"]
[BlackElo "1666"]
[EventRounds "4"]
[EventCountry "USA"]

{Game/30; d5} 1. d4 Nf6 2. c4 g6 3. Nc3 d5 4. e3 Bg7 5. Nf3 Bg4 6. cxd5 Nxd5
7. Be2 O-O 8. O-O c5 9. h3 cxd4 10. exd4 Be6 11. Ng5 Bf5 12. Bf3 Nxc3 13. bxc3
Nc6 14. g4 Bd7 15. Re1 e6 16. Rb1 b6 17. Ba3 Re8 18. Ne4 Bf8 19. Bxf8 Rxf8 20.
Qd2 Kg7 21. g5 Rc8 22. Qf4 Ne7 23. Qe5+ f6 24. gxf6+ Kg8 25. fxe7 Qxe7 26. Re3
Bc6 27. Bg4 Bd5 28. Ng5 Rf5 29. Bxf5 Qxg5+ 30. Bg4 {#r} 1-0

[Event "Meridian Invitational"]
[Site "Meridian, ID"]
[Date "2013.04.20"]
[Round "3"]
[White "Roland, Jeffrey T"]
[Black "Hamilton, Brett B"]
[Result "1-0"]
[WhiteElo "1757"]
[BlackElo "1701"]
[EventRounds "4"]
[EventCountry "USA"]

{Game/30; d5} 1. e4 e5 2. Nf3 Nc6 3. Bb5 a6 4. Ba4 Nf6 5. O-O b5 6. Bb3 Be7 7.
a4 b4 8. Re1 d6 9. d4 Bg4 10. d5 Nd4 11. Nbd2 O-O 12. c3 bxc3 13. bxc3 Rb8 14.
cxd4 exd4 15. Qc2 Nd7 16. Nxd4 Bf6 17. Bb2 Nc5 18. Nc6 Rxb3 19. Nxb3 Qd7 20.
Nxc5 dxc5 21. Bxf6 gxf6 22. Qxc5 Re8 23. Rac1 Kh8 24. Qc3 Rg8 25. Qxf6+ Rg7
26. Rb1 {#r} 1-0

[Event "ICA Summer Classic (Open)"]
[Site "Boise, ID"]
[Date "2013.08.17"]
[Round "1.5"]
[White "Zlatnik, Sean Douglas"]
[Black "Hamilton, Brett B"]
[Result "1/2-1/2"]
[WhiteElo "1574"]
[BlackElo "1761"]
[EventRounds "5"]
[EventCountry "USA"]

1. c4 c5 2. Nc3 Nf6 3. Nf3 g6 4. g3 Bg7 5. Bg2 O-O 6. O-O Nc6 7. d3 d6 8. a3
a6 9. Rb1 Nd4 10. Nxd4 cxd4 11. Nd5 Rb8 12. Nxf6+ Bxf6 13. b4 a5 14. Bd2 axb4
15. Rxb4 b6 16. Qb3 Bb7 17. Rb1 Bxg2 18. Kxg2 e6 19. Rxb6 Rxb6 20. Qxb6 Qa8+
21. Kg1 Rd8 22. Bb4 d5 23. c5 Be5 24. c6 Rb8 25. Qc5 Qa6 26. Rc1 Rc8 27. Qe7
Kg7 28. Qd7 Rc7 29. Qe8 Qc8 30. Qxc8 Rxc8 31. Kf1 f6 32. Ke1 Kf7 33. Kd2 Ke8
34. Ba5 Bc7 35. Bxc7 Rxc7 36. Rc2 Ke7 37. Kc1 Kd6 38. Kb2 Rxc6 39. Rxc6+ Kxc6
40. Kb3 Kb5 41. a4+ Ka5 42. Ka3 h5 43. h4 g5 44. Kb3 g4 45. f3 f5 46. f4 Ka6
47. Kb4 Kb6 48. a5+ Kc6 49. Ka4 e5 50. fxe5 f4 51. e6 fxg3 52. e7 Kd7 53. a6
g2 54. a7 g1=Q 55. e8=Q+ Kxe8 56. a8=Q+ Ke7 57. Qb7+ {#d} 1/2-1/2

[Event "ICA Summer Classic (Open)"]
[Site "Boise, ID"]
[Date "2013.08.17"]
[Round "3.9"]
[White "Hamilton, Brett B"]
[Black "Edvalson, Paul"]
[Result "1-0"]
[WhiteElo "1761"]
[BlackElo "1556"]
[EventRounds "5"]
[EventCountry "USA"]

1. d4 f5 2. c4 Nf6 3. Nf3 e6 4. Nc3 d6 5. g3 Be7 6. Bg2 O-O 7. O-O a5 8. Qc2
Nc6 9. Rd1 d5 10. b3 Qe8 11. Nb5 Bd8 12. Bf4 Qe7 13. Ne5 Nb4 14. Qb2 c6 15.
Nc3 Ne4 16. a3 Nxc3 17. Qxc3 g5 18. Bd2 Na6 19. Qf3 Bc7 20. Qh5 f4 21. h4 fxg3
22. Bxg5 gxf2+ 23. Kf1 Qg7 24. Bh6 Qg3 25. Bxf8 Bxe5 26. Bh6 Bd7 27. Qxe5 Qxe5
28. dxe5 Be8 29. Kxf2 Bg6 30. Rac1 Nc5 31. Rc3 Be4 32. Rg3+ Kf7 33. Rg7+ Ke8
34. Rg8+ {#r} 1-0

[Event "ICA Summer Classic (Open)"]
[Site "Boise, ID"]
[Date "2013.08.18"]
[Round "4.6"]
[White "Gorman, Cody Austin"]
[Black "Hamilton, Brett B"]
[Result "1-0"]
[WhiteElo "1657"]
[BlackElo "1761"]
[EventRounds "5"]
[EventCountry "USA"]

1. b3 e5 2. Bb2 Nc6 3. e3 a6 4. c4 Nf6 5. Nf3 d6 6. d4 e4 7. Nfd2 d5 8. cxd5
Nb4 9. Nc3 Nbxd5 10. Ncxe4 Nxe4 11. Nxe4 Bb4+ 12. Nd2 Nxe3 13. Qe2 O-O 14.
fxe3 Qh4+ 15. Kd1 Re8 16. Nf3 Qe7 17. Ne5 Bf5 18. Qf3 Be6 19. Bc4 Rad8 20. Ke2
c5 21. Rad1 cxd4 22. Bxd4 Rxd4 23. Rxd4 Bc3 24. Rhd1 Bxd4 25. Rxd4 Bxc4+ 26.
Nxc4 b5 27. Nd2 Rc8 28. Qe4 Qg5 29. Qg4 Qc5 30. Qe4 Qh5+ 31. Nf3 Qc5 32. Qd5
Qe7 33. Qd7 Qf8 34. Ne5 g5 35. Qd6 Rc2+ 36. Kf3 Qc8 37. Qd8+ {#r} 1-0

[Event "ICA PM (Open)"]
[Site "Boise, ID"]
[Date "2013.09.21"]
[Round "2.4"]
[White "Hamilton, Brett B"]
[Black "Gallivan, Ryan"]
[Result "1-0"]
[WhiteElo "1761"]
[BlackElo "1406"]
[EventRounds "5"]
[EventCountry "USA"]

1. d4 Nf6 2. c4 e6 3. Nc3 g6 4. e4 d5 5. e5 Ng8 6. Be3 Ne7 7. Nf3 Bg7 8. Qd2
O-O 9. Bh6 Nf5 10. Bxg7 Nxg7 11. g4 f5 12. Qh6 Qe7 13. Ng5 Ne8 14. gxf5 exf5
15. cxd5 Nd6 16. O-O-O Ne4 17. Ncxe4 fxe4 18. Bc4 Qg7 19. d6+ Kh8 20. Qxg7+
Kxg7 21. dxc7 Nc6 22. Ne6+ Bxe6 23. Bxe6 Rac8 24. Bxc8 Rxc8 25. d5 Nxe5 26. d6
Kf7 27. Kb1 Ke6 28. Rhe1 {#r} 1-0

[Event "ICA PM (Open)"]
[Site "Boise, ID"]
[Date "2013.09.21"]
[Round "3.2"]
[White "Kircher, Caleb Paul"]
[Black "Hamilton, Brett B"]
[Result "1-0"]
[WhiteElo "1823"]
[BlackElo "1761"]
[EventRounds "5"]
[EventCountry "USA"]

1. e4 c5 2. Nc3 Nc6 3. f4 g6 4. Nf3 d6 5. Bb5 Bd7 6. Bxc6 bxc6 7. O-O Bg7 8.
h3 e6 9. d3 Rb8 10. e5 d5 11. Na4 Bf8 12. c4 h5 13. b3 Nh6 14. Ba3 Nf5 15. Qd2
Be7 16. Qf2 O-O 17. Bxc5 Qa5 18. Bxa7 c5 19. Bxb8 Rxb8 20. Qd2 Qxd2 21. Nxd2
Bxa4 22. bxa4 Ra8 23. cxd5 exd5 24. Rfb1 Rxa4 25. Nf3 Rxf4 26. Rb8+ Kg7 27. a4
c4 28. dxc4 dxc4 29. Rc8 Bb4 30. a5 Ne7 31. Re8 c3 32. a6 c2 33. Kh2 Ba3 34.
Rxe7 c1=Q 35. Rxc1 Bxc1 36. Rc7 Be3 37. e6 Ra4 38. e7 Re4 39. a7 Bxa7 40. Rxa7
Kf6 41. h4 Rxe7 42. Rxe7 Kxe7 43. Kg3 f6 44. Kf4 Kf7 45. Ke4 Ke6 46. g3 Ke7
47. Kd5 Kd7 48. Nd4 Ke7 49. Ne6 Kd7 50. Nf8+ Ke7 51. Nxg6+ Kf7 52. Nf4 {#r}
1-0

[Event "ICA PM (Open)"]
[Site "Boise, ID"]
[Date "2013.09.22"]
[Round "4.4"]
[White "Edvalson, Paul"]
[Black "Hamilton, Brett B"]
[Result "1-0"]
[WhiteElo "1556"]
[BlackElo "1761"]
[EventRounds "5"]
[EventCountry "USA"]

1. Nf3 d5 2. b3 c5 3. Bb2 Nc6 4. e3 e6 5. Bb5 Nf6 6. Ne5 Qb6 7. Bxc6+ bxc6 8.
O-O d4 9. Na3 Bd6 10. Nac4 Qc7 11. exd4 Ba6 12. Nxd6+ Qxd6 13. dxc5 Qxc5 14.
c4 Qd6 15. d4 O-O 16. Qf3 c5 17. Qc6 Qxc6 18. Nxc6 Bb7 19. Na5 Be4 20. Rfe1
cxd4 21. Bxd4 Bg6 22. Nc6 Rfe8 23. f3 a6 24. Ne5 Rad8 25. Rad1 Bc2 26. Rd2 h6
27. Rc1 Bh7 28. Rcd1 Rd6 29. Be3 Rxd2 30. Rxd2 Bb1 31. a3 Rb8 32. Rb2 Bf5 33.
g4 Bh7 34. b4 Rc8 35. c5 Nd5 36. Bf2 f6 37. Nc4 Nf4 38. Bg3 Nd5 39. a4 Bd3 40.
Nd6 Rd8 41. Kf2 e5 42. Rd2 Nxb4 43. Ke3 Bc2 44. a5 Ba4 45. Ke2 Nc6 46. Rb2 Kf8
47. Rb6 Nxa5 48. Rxa6 Rxd6 49. Rxd6 Nc6 50. Ke3 Ke7 51. Ke4 Bc2+ 52. Kd5 Nd4
53. Rb6 Bd1 54. Rb7+ Ke8 55. Rxg7 Bxf3+ 56. Kd6 Nb5+ 57. Ke6 Nd4+ 58. Kxf6 e4
59. Bf2 Nc6 60. Ke6 Nd8+ 61. Kd6 Kf8 62. Rd7 Nf7+ 63. Kc7 Bxg4 64. Rd4 Bf3 65.
c6 Ng5 66. h4 Ne6+ 67. Kb7 Nxd4 68. Bxd4 Kf7 69. c7 e3+ 70. Kb6 Bg4 71. Bxe3
Bc8 72. Bxh6 Kg6 73. Bg5 Kh5 74. Ka7 Bf5 75. Kb8 Kg6 76. c8=Q Bxc8 77. Kxc8
Kf5 {#r} 1-0